[Event "XVII MetLife Najdorf Open 2017"]
[Site "Warsaw"]
[Date "2017.07.11"]
[Round "3.52"]
[White "Pacan-Milej, Kosma"]
[Black "Krstulovic, Alex"]
[Result "1-0"]
[WhiteElo "2332"]
[BlackElo "2252"]
[Annotator "ChessBase"]
[PlyCount "83"]
[EventDate "2017.??.??"]
[EventType "swiss"]
[EventCountry "POL"]
[SourceTitle "playchess.com"]
[Source "ChessBase"]
[SourceQuality "1"]
[TimeControl "40/5400+30:1800+30"]

1. d4 d5 2. c4 c6 3. Nf3 Nf6 4. e3 Bf5 5. Nc3 e6 6. Nh4 Be4 7. f3 Bg6 8. Qb3 Qb6 9. Nxg6 hxg6 10. g3 Bd6 11. Kf2 Nbd7 12. c5 Qxb3 13. axb3 Be7 14. b4 O-O 15. b5 cxb5 16. Bxb5 Rfc8 17. Bd2 a6 18. Bd3 Rcb8 19. b4 b5 20. Ra2 Ne8 21. e4 Bf6 22. e5 Be7 23. h4 Nc7 24. f4 Nf8 25. Be3 f6 26. g4 Kf7 27. Kg3 f5 28. h5 fxg4 29. hxg6+ Nxg6 30. f5 exf5 31. Bxf5 Rh8 32. Rah2 Rxh2 33. Rxh2 Nf8 34. Ra2 Nfe6 35. Bxg4 Rd8 36. Rf2+ Ke8 37. Rf1 g6 38. Rf2 Nf8 39. Ne2 Nce6 40. Rf1 Bg5 41. Rxf8+ Kxf8 42. Bxe6 1-0

[Event "XVII MetLife Najdorf Open 2017"]
[Site "Warsaw"]
[Date "2017.07.11"]
[Round "3.53"]
[White "Baskin, Robert"]
[Black "Yogesh, Gautam"]
[Result "1/2-1/2"]
[WhiteElo "2330"]
[BlackElo "2243"]
[Annotator "ChessBase"]
[PlyCount "131"]
[EventDate "2017.??.??"]
[EventType "swiss"]
[EventCountry "POL"]
[SourceTitle "playchess.com"]
[Source "ChessBase"]
[SourceQuality "1"]
[TimeControl "40/5400+30:1800+30"]

1. e4 e6 2. d4 d5 3. e5 c5 4. c3 Qb6 5. Nf3 Nc6 6. a3 Nh6 7. b4 cxd4 8. Bxh6 gxh6 9. cxd4 Bg7 10. Nc3 f6 11. exf6 Bxf6 12. Na4 Qc7 13. Bb5 O-O 14. Rc1 Qf4 15. Bxc6 bxc6 16. O-O Kh8 17. Re1 h5 18. Nc5 a5 19. Nd3 Qf5 20. Rxc6 axb4 21. axb4 Ra3 22. Qc1 Rxd3 23. Rxc8 Bxd4 24. Rxf8+ Qxf8 25. Nxd4 Rxd4 26. Qc3 Qxb4 27. Qc8+ Kg7 28. Qd7+ Kf8 29. Qxe6 Re4 30. Rxe4 dxe4 31. Qf5+ Kg7 32. h4 Qe1+ 33. Kh2 Qe2 34. Kg3 Kg8 35. Qe6+ Kg7 36. Qf5 Kg8 37. Qc8+ Kg7 38. Qe6 Kf8 39. Qh6+ Kg8 40. Qe6+ Kg7 41. Qe5+ Kg8 42. Qf6 Qg4+ 43. Kh2 Qe2 44. g3 Qf1 45. Qe6+ Kg7 46. Qe7+ Kg8 47. Qf6 Qe2 48. Kg2 Qg4 49. Qg5+ Kf7 50. Qd5+ Kg7 51. Kf1 Qf3 52. Qd4+ Kf7 53. Ke1 Ke6 54. Kd2 Kf5 55. Qd7+ Ke5 56. Qe7+ Kd5 57. Qg5+ Ke6 58. Qg8+ Ke5 59. Qe8+ Kd5 60. Qd7+ Ke5 61. Qe7+ Kd5 62. Qg5+ Ke6 63. Qe3 Qxe3+ 64. Kxe3 Ke5 65. f3 exf3 66. Kxf3 1/2-1/2

[Event "XVII MetLife Najdorf Open 2017"]
[Site "Warsaw"]
[Date "2017.07.11"]
[Round "3.54"]
[White "Khalafova, Narmin"]
[Black "Lewicki, Miroslaw"]
[Result "0-1"]
[WhiteElo "2224"]
[BlackElo "2323"]
[Annotator "ChessBase"]
[PlyCount "66"]
[EventDate "2017.??.??"]
[EventType "swiss"]
[EventCountry "POL"]
[SourceTitle "playchess.com"]
[Source "ChessBase"]
[SourceQuality "1"]
[TimeControl "40/5400+30:1800+30"]

1. e4 c5 2. Nf3 d6 3. Bb5+ Nd7 4. O-O a6 5. Bd3 Ngf6 6. c3 b5 7. Re1 Bb7 8. Bc2 c4 9. d4 cxd3 10. Qxd3 Nc5 11. Qe2 e5 12. Nbd2 Qc7 13. b4 Ne6 14. Bb2 Be7 15. a4 Qb6 16. axb5 axb5 17. Bd3 O-O 18. Bxb5 Rxa1 19. Rxa1 Nf4 20. Qf1 Nxe4 21. Nxe4 Bxe4 22. Ne1 Bxg2 23. Nxg2 Nh3+ 24. Kh1 Nxf2+ 25. Kg1 Nd3+ 26. Kh1 Qxb5 27. Rd1 e4 28. Nf4 Qc6 29. Nxd3 exd3+ 30. Qg2 Qc4 31. Qg3 Qe4+ 32. Kg1 Qe2 33. Qe1 Bh4 0-1

[Event "XVII MetLife Najdorf Open 2017"]
[Site "Warsaw"]
[Date "2017.07.11"]
[Round "3.55"]
[White "Schroeder, Kevin"]
[Black "Zochowski, Kacper"]
[Result "0-1"]
[WhiteElo "2321"]
[BlackElo "2240"]
[Annotator "ChessBase"]
[PlyCount "110"]
[EventDate "2017.??.??"]
[EventType "swiss"]
[EventCountry "POL"]
[SourceTitle "playchess.com"]
[Source "ChessBase"]
[SourceQuality "1"]
[TimeControl "40/5400+30:1800+30"]

1. e4 e5 2. Nf3 Nc6 3. Bb5 a6 4. Bxc6 dxc6 5. O-O f6 6. d4 Bg4 7. dxe5 Qxd1 8. Rxd1 fxe5 9. Rd3 Bd6 10. h3 Bh5 11. Nbd2 Nf6 12. b3 O-O-O 13. Bb2 Rhe8 14. Re1 Bb4 15. Ree3 Rxd3 16. cxd3 b5 17. g4 Bf7 18. Re2 Nd7 19. Nf1 Bd6 20. Rc2 Kb7 21. Ng3 g6 22. Kg2 Bg8 23. h4 Be6 24. g5 Rf8 25. d4 Bh3+ 26. Kxh3 Rxf3 27. Rd2 exd4 28. Bxd4 c5 29. Ba1 c4 30. bxc4 bxc4 31. Rc2 Be5 32. Bxe5 Nxe5 33. Kg2 Rf4 34. h5 Kb6 35. h6 Kc5 36. Rd2 c6 37. Rd8 Rf7 38. Ne2 Nd3 39. Nd4 Rxf2+ 40. Kg3 Rf7 41. Ne6+ Kb4 42. Rb8+ Kc3 43. Rg8 Ne5 44. Rg7 Kd3 45. Nf4+ Kxe4 46. Nxg6 Rf3+ 47. Kh2 Nxg6 48. Rxh7 Rf5 49. Rc7 Rxg5 50. Rxc6 Ne5 51. Rxa6 c3 52. Ra8 c2 53. Rc8 Kd3 54. h7 Rh5+ 55. Kg3 Rxh7 0-1

[Event "XVII MetLife Najdorf Open 2017"]
[Site "Warsaw"]
[Date "2017.07.11"]
[Round "3.56"]
[White "Mulet, Piotr"]
[Black "Kowalski, Igor"]
[Result "0-1"]
[WhiteElo "2307"]
[BlackElo "2226"]
[Annotator "ChessBase"]
[PlyCount "98"]
[EventDate "2017.??.??"]
[EventType "swiss"]
[EventCountry "POL"]
[SourceTitle "playchess.com"]
[Source "ChessBase"]
[SourceQuality "1"]
[TimeControl "40/5400+30:1800+30"]

1. e4 e6 2. d4 d5 3. Nc3 Bb4 4. e5 Ne7 5. a3 Bxc3+ 6. bxc3 c5 7. Qg4 Kf8 8. Bd2 Qc7 9. Bd3 Bd7 10. Nf3 c4 11. Be2 Ba4 12. Rc1 Nbc6 13. Ng5 h6 14. Nh3 Kg8 15. Nf4 Kh7 16. Nh5 Ng6 17. h4 Qe7 18. Rh3 Rhg8 19. Bg5 Qxa3 20. Kd2 b5 21. Bxh6 gxh6 22. Nf6+ Kh8 23. h5 Ngxe5 24. Qf4 Rg5 25. dxe5 Qf8 26. g4 Rd8 27. Qg3 d4 28. f4 Qa3 29. fxg5 dxc3+ 30. Ke3 Qxc1+ 31. Kf2 Qxg5 32. Ne4 Qxe5 33. Qe3 Qd4 34. Nxc3 Qxe3+ 35. Kxe3 Bxc2 36. Nxb5 Bd1 37. Bxc4 Bxg4 38. Rh4 Bf5 39. Be2 a5 40. Rc4 Nb4 41. Nd4 Bh7 42. Rc5 a4 43. Nb5 Nc2+ 44. Kf4 Nd4 45. Bc4 Nxb5 46. Bxb5 a3 47. Bc4 Kg7 48. Ke5 Rd1 49. Ra5 f6+ 0-1

[Event "XVII MetLife Najdorf Open 2017"]
[Site "Warsaw"]
[Date "2017.07.11"]
[Round "3.57"]
[White "Baltic, Fatih"]
[Black "Miroshnichenko, Pavel"]
[Result "0-1"]
[WhiteElo "2210"]
[BlackElo "2294"]
[Annotator "ChessBase"]
[PlyCount "66"]
[EventDate "2017.??.??"]
[EventType "swiss"]
[EventCountry "POL"]
[SourceTitle "playchess.com"]
[Source "ChessBase"]
[SourceQuality "1"]
[TimeControl "40/5400+30:1800+30"]

1. e4 g6 2. d4 Bg7 3. Nc3 d6 4. f4 a6 5. Nf3 b5 6. Bd3 Bb7 7. a4 b4 8. Ne2 Nd7 9. O-O c5 10. c3 Ngf6 11. e5 Nd5 12. e6 fxe6 13. Ng5 Nf8 14. Qc2 cxd4 15. c4 Ne3 16. Bxe3 dxe3 17. Nxh7 Nxh7 18. Bxg6+ Kd7 19. Bxh7 Qb6 20. Be4 Rab8 21. Rad1 b3 22. Qb1 Qc5 23. f5 Qe5 24. fxe6+ Kc7 25. Rf4 Rbf8 26. Rdf1 Qh5 27. h3 Qxe2 28. Bxb7 Rxf4 29. Rxf4 Kxb7 30. Qe4+ Kc7 31. c5 Qd1+ 32. Rf1 Qd4 33. cxd6+ Kxd6 0-1

[Event "XVII MetLife Najdorf Open 2017"]
[Site "Warsaw"]
[Date "2017.07.11"]
[Round "3.58"]
[White "Heinemann, Josefine"]
[Black "Szostko, Jakub"]
[Result "0-1"]
[WhiteElo "2294"]
[BlackElo "2208"]
[Annotator "ChessBase"]
[PlyCount "64"]
[EventDate "2017.??.??"]
[EventType "swiss"]
[EventCountry "POL"]
[SourceTitle "playchess.com"]
[Source "ChessBase"]
[SourceQuality "1"]
[TimeControl "40/5400+30:1800+30"]

1. e4 c5 2. Nf3 d6 3. d4 cxd4 4. Nxd4 Nf6 5. Nc3 a6 6. Bg5 e6 7. f4 h6 8. Bh4 Qb6 9. a3 Be7 10. Bf2 Qc7 11. Qf3 Nbd7 12. O-O-O b5 13. g4 Bb7 14. h4 Nc5 15. Bd3 Nfd7 16. g5 O-O-O 17. b4 hxg5 18. bxc5 dxc5 19. Ndxb5 axb5 20. Nxb5 Qxf4+ 21. Qxf4 gxf4 22. Be1 Ne5 23. Bd2 Rxd3 24. cxd3 Nxd3+ 25. Kc2 Nf2 26. Bxf4 Bxe4+ 27. Kb2 Bxh1 28. Na7+ Kb7 29. Rd7+ Ka6 30. Rxe7 Nd3+ 31. Kc3 Nxf4 32. Rxf7 Ra8 0-1

[Event "XVII MetLife Najdorf Open 2017"]
[Site "Warsaw"]
[Date "2017.07.11"]
[Round "3.59"]
[White "Niekras, Dawid"]
[Black "Jaroch, Karol"]
[Result "0-1"]
[WhiteElo "2291"]
[BlackElo "2207"]
[Annotator "ChessBase"]
[PlyCount "136"]
[EventDate "2017.??.??"]
[EventType "swiss"]
[EventCountry "POL"]
[SourceTitle "playchess.com"]
[Source "ChessBase"]
[SourceQuality "1"]
[TimeControl "40/5400+30:1800+30"]

1. e4 e6 2. d4 d5 3. Nc3 Bb4 4. e5 c5 5. a3 Bxc3+ 6. bxc3 Ne7 7. h4 Nbc6 8. h5 h6 9. Qg4 Qa5 10. Bd2 Rg8 11. Bd3 Nf5 12. Qf4 c4 13. Be2 Bd7 14. Nf3 O-O-O 15. g4 Nfe7 16. Nh4 Qa4 17. Bd1 Rdf8 18. Rg1 f6 19. Qg3 fxe5 20. dxe5 Qb5 21. Nf3 Qb2 22. Rc1 Qxa3 23. Nd4 Nxd4 24. cxd4 Qxg3 25. Rxg3 Nc6 26. c3 b5 27. Rb1 b4 28. Ba4 b3 29. Bxc6 Bxc6 30. Bc1 a5 31. f3 a4 32. Ba3 Rf7 33. Ke2 Be8 34. Rh3 Rb7 35. Bb2 g6 36. hxg6 a3 37. Bxa3 Bxg6 38. Ra1 b2 39. Bxb2 Rxb2+ 40. Ke3 Rh8 41. Ra8+ Rb8 42. Ra6 Kd7 43. Ra7+ Ke8 44. Rg7 Bd3 45. Rxh6 Rxh6 46. Rg8+ Kf7 47. Rxb8 Bh7 48. Rb7+ Kg6 49. Re7 Bg8 50. Kf4 Rh2 51. Ra7 Rc2 52. Ra3 Rd2 53. Ra8 Bh7 54. Ra6 Bg8 55. Ra8 Bf7 56. Ra7 Rd3 57. Ra3 Kh6 58. Kg3 Kg5 59. Ra7 Bg6 60. Re7 Be4 61. Rg7+ Kh6 62. Re7 Rxf3+ 63. Kh4 Rxc3 64. Rxe6+ Kg7 65. Kg5 Rf3 66. Rc6 c3 67. e6 Kf8 68. Ra6 Rf1 0-1

[Event "XVII MetLife Najdorf Open 2017"]
[Site "Warsaw"]
[Date "2017.07.11"]
[Round "3.60"]
[White "Siekanski, Janusz"]
[Black "Kubicka, Anna"]
[Result "0-1"]
[WhiteElo "2287"]
[BlackElo "2152"]
[Annotator "ChessBase"]
[PlyCount "112"]
[EventDate "2017.??.??"]
[EventType "swiss"]
[EventCountry "POL"]
[SourceTitle "playchess.com"]
[Source "ChessBase"]
[SourceQuality "1"]
[TimeControl "40/5400+30:1800+30"]

1. d4 Nf6 2. c4 g6 3. Nc3 Bg7 4. e4 d6 5. h3 O-O 6. Be3 e5 7. d5 c6 8. Nf3 Na6 9. Nd2 Ne8 10. g4 f5 11. gxf5 gxf5 12. exf5 Bxf5 13. Nde4 Kh8 14. Ng3 Bg6 15. h4 Nb4 16. Rc1 cxd5 17. cxd5 Qa5 18. Qd2 Nc7 19. h5 Bf7 20. h6 Bf6 21. Bg5 Bg6 22. Bxf6+ Rxf6 23. Nce4 Rf4 24. Rc4 Ncxd5 25. Nxd6 Qxa2 26. Rc1 Raf8 27. Be2 Rxf2 28. Nge4 Rxe2+ 29. Qxe2 Nf4 30. Qc4 Nfd3+ 31. Kd2 Nxc1 32. Qxb4 Nb3+ 33. Ke3 Qxb2 34. Rd1 Qg2 35. Nf7+ Kg8 36. Nf6+ Kxf7 37. Rd7+ Kxf6 38. Qxf8+ Kg5 39. Qe7+ Kg4 40. Qe6+ Kh4 41. Qf6+ Qg5+ 42. Qxg5+ Kxg5 43. Rxb7 Nc5 44. Rxa7 Kxh6 45. Ra1 Nd3 46. Rh1+ Kg7 47. Rg1 h5 48. Rh1 Kh6 49. Rh2 Bf5 50. Rh1 Nf4 51. Rg1 h4 52. Rg8 Ng6 53. Kf3 Kg5 54. Rb8 e4+ 55. Kg2 Kf4 56. Rb4 h3+ 0-1

[Event "XVII MetLife Najdorf Open 2017"]
[Site "Warsaw"]
[Date "2017.07.11"]
[Round "3.61"]
[White "Othman, A  Moussa"]
[Black "Mis, Mieszko"]
[Result "0-1"]
[WhiteElo "2277"]
[BlackElo "2137"]
[Annotator "ChessBase"]
[PlyCount "70"]
[EventDate "2017.??.??"]
[EventType "swiss"]
[EventCountry "POL"]
[SourceTitle "playchess.com"]
[Source "ChessBase"]
[SourceQuality "1"]
[TimeControl "40/5400+30:1800+30"]

1. d4 d5 2. c4 c6 3. Nf3 Nf6 4. e3 Bf5 5. Nc3 a6 6. Bd2 e6 7. Nh4 Be4 8. f3 Bg6 9. Nxg6 hxg6 10. g3 dxc4 11. Bxc4 c5 12. dxc5 Bxc5 13. Qe2 O-O 14. Rc1 Nc6 15. Bd3 Qe7 16. Ne4 Bb4 17. O-O Bxd2 18. Nxd2 Rfd8 19. Nc4 Rac8 20. Bb1 Nd5 21. Be4 b5 22. Bxd5 exd5 23. Nb6 Nd4 24. Qf2 Rxc1 25. Rxc1 Nf5 26. Re1 Qc5 27. g4 Ne7 28. e4 d4 29. Nd5 Nxd5 30. exd5 Qxd5 31. Kg2 Qxa2 32. Re4 Qd5 33. Qd2 d3 34. Re3 Qc4 35. Kg3 Qc7+ 0-1

[Event "XVII MetLife Najdorf Open 2017"]
[Site "Warsaw"]
[Date "2017.07.11"]
[Round "3.62"]
[White "Antolak, Julia"]
[Black "Harazinska, Ewa"]
[Result "1-0"]
[WhiteElo "2144"]
[BlackElo "2269"]
[Annotator "ChessBase"]
[PlyCount "43"]
[EventDate "2017.??.??"]
[EventType "swiss"]
[EventCountry "POL"]
[SourceTitle "playchess.com"]
[Source "ChessBase"]
[SourceQuality "1"]
[TimeControl "40/5400+30:1800+30"]

1. e4 e6 2. d4 d5 3. Nd2 c5 4. exd5 Qxd5 5. Ngf3 cxd4 6. Bc4 Qd7 7. Nb3 Nc6 8. O-O Nf6 9. Qe2 a6 10. a4 Be7 11. Rd1 Qc7 12. Nbxd4 Bd7 13. c3 O-O 14. Bg5 Rac8 15. Bd3 Rfe8 16. Bh4 Nd5 17. Bg3 Bd6 18. Bxd6 Nxd4 19. Bxh7+ Kh8 20. Rxd4 Qxd6 21. Ng5 Qe7 22. Qh5 1-0

[Event "XVII MetLife Najdorf Open 2017"]
[Site "Warsaw"]
[Date "2017.07.11"]
[Round "3.63"]
[White "Zlatin, Alexander"]
[Black "Priyanka Nutakki"]
[Result "1/2-1/2"]
[WhiteElo "2259"]
[BlackElo "2104"]
[Annotator "NA"]
[PlyCount "62"]
[EventDate "2017.??.??"]
[EventType "swiss"]
[EventCountry "POL"]
[SourceTitle "playchess.com"]
[Source "ChessBase"]
[SourceQuality "1"]
[TimeControl "40/5400+30:1800+30"]

1. e4 c5 2. c3 d5 3. exd5 Qxd5 4. d4 g6 5. Nf3 Bg7 6. Be3 cxd4 7. Bxd4 Nf6 8. Na3 O-O 9. Bxf6 Qxd1+ 10. Rxd1 Bxf6 11. h3 Nc6 12. Bc4 Bf5 13. g4 Be4 14. Bd5 Bxd5 15. Rxd5 Rfd8 16. Rxd8+ Rxd8 17. Ke2 h6 18. Rd1 Rxd1 19. Kxd1 Kf8 20. Kc2 e6 21. b4 Ke7 22. Kd3 Bg7 23. Nc4 b5 24. Na3 a6 25. Nc2 Kd6 26. a3 e5 27. Ke4 Ne7 28. Ne3 Ke6 29. Nh4 Bf6 30. Nf3 Bg7 31. Nh4 Bf6 1/2-1/2

[Event "XVII MetLife Najdorf Open 2017"]
[Site "Warsaw"]
[Date "2017.07.11"]
[Round "3.64"]
[White "Fus, Jakub"]
[Black "Nowak, Lukasz"]
[Result "0-1"]
[WhiteElo "2103"]
[BlackElo "2327"]
[Annotator "ChessBase"]
[PlyCount "84"]
[EventDate "2017.??.??"]
[EventType "swiss"]
[EventCountry "POL"]
[SourceTitle "playchess.com"]
[Source "ChessBase"]
[SourceQuality "1"]
[TimeControl "40/5400+30:1800+30"]

1. d4 Nf6 2. c4 g6 3. Nc3 Bg7 4. e4 d6 5. f3 O-O 6. Nge2 c5 7. d5 e6 8. Ng3 exd5 9. cxd5 h5 10. Be2 a6 11. a4 Nh7 12. O-O Bd4+ 13. Rf2 Bxf2+ 14. Kxf2 h4 15. Nf1 f5 16. exf5 gxf5 17. Bf4 Qf6 18. Nd2 Nd7 19. Nc4 Ne5 20. Nb6 Rb8 21. a5 Ng5 22. Ra4 Ngf7 23. Bc1 Re8 24. Qc2 Ng6 25. f4 Nh6 26. h3 Nf8 27. Bh5 Re7 28. b3 Qg7 29. Ne2 Nh7 30. Bb2 Nf6 31. Bf3 Bd7 32. Ra1 Bb5 33. Nc4 Bxc4 34. bxc4 Rbe8 35. Bh5 Rxe2+ 36. Bxe2 Qg3+ 37. Kf1 Ne4 38. Bh5 Qe3 39. g3 Nd2+ 40. Kg2 Qxg3+ 41. Kh1 Qxh3+ 42. Kg1 Re3 0-1

[Event "XVII MetLife Najdorf Open 2017"]
[Site "Warsaw"]
[Date "2017.07.11"]
[Round "3.65"]
[White "Nguyen, Piotr"]
[Black "Selbes, Tarik"]
[Result "1-0"]
[WhiteElo "2444"]
[BlackElo "2260"]
[Annotator "ChessBase"]
[PlyCount "63"]
[EventDate "2017.??.??"]
[EventType "swiss"]
[EventCountry "POL"]
[SourceTitle "playchess.com"]
[Source "ChessBase"]
[SourceQuality "1"]
[TimeControl "40/5400+30:1800+30"]

1. c4 Nf6 2. g3 g6 3. Bg2 Bg7 4. Nc3 O-O 5. e4 d6 6. Nge2 c5 7. O-O Nc6 8. d3 a6 9. h3 Ne8 10. Be3 Nd4 11. a4 Rb8 12. Rb1 Nc7 13. b4 Nce6 14. Qd2 Bd7 15. Bh6 Nxe2+ 16. Nxe2 Bxh6 17. Qxh6 Bxa4 18. Rb2 Bc6 19. f4 f5 20. g4 Ng7 21. bxc5 dxc5 22. exf5 Qxd3 23. fxg6 hxg6 24. f5 Bxg2 25. Kxg2 gxf5 26. g5 Qe4+ 27. Rf3 Qe6 28. g6 Rf6 29. Nf4 Qxc4 30. Rd2 Rd6 31. Nd5 Rxd5 32. Qh7+ 1-0

[Event "XVII MetLife Najdorf Open 2017"]
[Site "Warsaw"]
[Date "2017.07.11"]
[Round "3.66"]
[White "Yelisieiev, Yevhenii"]
[Black "Walter, Szymon"]
[Result "0-1"]
[WhiteElo "2317"]
[BlackElo "2220"]
[Annotator "NA"]
[PlyCount "128"]
[EventDate "2017.??.??"]
[EventType "swiss"]
[EventCountry "POL"]
[SourceTitle "playchess.com"]
[Source "ChessBase"]
[SourceQuality "1"]
[TimeControl "40/5400+30:1800+30"]

1. d4 Nf6 2. c4 g6 3. f3 Bg7 4. e4 d6 5. Nc3 O-O 6. Be3 c5 7. dxc5 dxc5 8. Qxd8 Rxd8 9. Bxc5 Nc6 10. Nge2 Nd7 11. Bf2 Nde5 12. Nf4 Bh6 13. Nfd5 e6 14. Ne3 Nb4 15. Rd1 Rxd1+ 16. Nexd1 b6 17. b3 Ba6 18. Bh4 Kg7 19. Be2 Nbd3+ 20. Kf1 f6 21. Bxd3 Nxd3 22. Nf2 Rd8 23. Ng4 Bg5 24. Bxg5 fxg5 25. Ne3 h5 26. h3 Kf6 27. Kg1 Nf4 28. g3 Rd3 29. Ned1 Ne2+ 30. Nxe2 Rxd1+ 31. Kg2 Rd2 32. Kf2 Rxa2 33. Ke3 Rb2 34. Nc1 b5 35. e5+ Ke7 36. c5 b4 37. h4 gxh4 38. gxh4 Rc2 39. Kd4 Rd2+ 40. Ke4 Rd5 41. c6 Bb5 42. Na2 a5 43. Rc1 Kd8 44. c7+ Kc8 45. Kf4 Bd3 46. Rc6 Bf5 47. Rc4 Rd2 48. Nc1 Rc2 49. Rxc2 Bxc2 50. Ke3 Kxc7 51. Kd4 Kc6 52. Kc4 Bd1 53. f4 Bf3 54. Kd4 Bd5 55. Ke3 Kb5 56. Kd4 a4 57. bxa4+ Kxa4 58. Kd3 Ka3 59. Ne2 b3 60. Nc3 b2 61. Kc2 Bc6 62. Nb1+ Ka2 63. Nc3+ Ka1 64. Kd3 b1=Q+ 0-1

[Event "XVII MetLife Najdorf Open 2017"]
[Site "Warsaw"]
[Date "2017.07.11"]
[Round "3.67"]
[White "Chylewski, Patryk"]
[Black "Kujawski, Adam"]
[Result "1/2-1/2"]
[WhiteElo "2275"]
[BlackElo "2300"]
[Annotator "ChessBase"]
[PlyCount "138"]
[EventDate "2017.??.??"]
[EventType "swiss"]
[EventCountry "POL"]
[SourceTitle "playchess.com"]
[Source "ChessBase"]
[SourceQuality "1"]
[TimeControl "40/5400+30:1800+30"]

1. e4 e6 2. d4 d5 3. Nd2 c5 4. exd5 Qxd5 5. Ngf3 cxd4 6. Bc4 Qd6 7. O-O Nf6 8. Nb3 Nc6 9. Nbxd4 Nxd4 10. Nxd4 a6 11. Re1 Bd7 12. Bg5 O-O-O 13. Bb3 Qc5 14. Be3 Qc7 15. Qe2 Bd6 16. h3 e5 17. Nf3 Bc6 18. Nd2 Nd5 19. Bxd5 Bxd5 20. c4 Bc6 21. c5 Be7 22. Nc4 f5 23. Bf4 exf4 24. Qxe7 Kb8 25. Qxc7+ Kxc7 26. Nd6 Rhf8 27. f3 Rd7 28. b4 b6 29. Re6 Bd5 30. Re5 bxc5 31. bxc5 Kc6 32. Rd1 Bxa2 33. Ra1 Bd5 34. Rxa6+ Kxc5 35. Ra5+ Kxd6 36. Raxd5+ Kc7 37. Rxf5 Rdf7 38. Rfe5 Rb8 39. Kh2 Rb6 40. h4 g6 41. h5 gxh5 42. Rxh5 Rbf6 43. Kh3 h6 44. Rd4 Rd7 45. Rhd5 Rxd5 46. Rxd5 Kc6 47. Rd2 Rg6 48. Rd4 Rf6 49. Rd8 Kc5 50. Kg4 Rg6+ 51. Kxf4 Rxg2 52. Kf5 Rg5+ 53. Kf6 Rd5 54. Rc8+ Kd4 55. f4 Ke4 56. Rc4+ Kf3 57. f5 Kg3 58. Kg6 h5 59. f6 h4 60. f7 Rd8 61. Rc3+ Kg2 62. Kg5 Rf8 63. Rc2+ Kg3 64. Rc3+ Kg2 65. Rc2+ Kg3 66. Kf6 h3 67. Kg7 Rxf7+ 68. Kxf7 h2 69. Rxh2 Kxh2 1/2-1/2

[Event "XVII MetLife Najdorf Open 2017"]
[Site "Warsaw"]
[Date "2017.07.11"]
[Round "3.68"]
[White "Kiolbasa, Oliwia"]
[Black "Kucza, Karol"]
[Result "1/2-1/2"]
[WhiteElo "2253"]
[BlackElo "2297"]
[Annotator "ChessBase"]
[PlyCount "66"]
[EventDate "2017.??.??"]
[EventType "swiss"]
[EventCountry "POL"]
[SourceTitle "playchess.com"]
[Source "ChessBase"]
[SourceQuality "1"]
[TimeControl "40/5400+30:1800+30"]

1. e4 e5 2. Nf3 Nc6 3. Bc4 Nf6 4. d3 Be7 5. O-O O-O 6. Re1 d6 7. a4 Na5 8. Ba2 c5 9. c3 Nc6 10. h3 a6 11. Bg5 Nh5 12. Bd2 Be6 13. Na3 Bxa2 14. Rxa2 Rb8 15. Nc4 b5 16. axb5 axb5 17. Ne3 Nf4 18. Bc1 d5 19. Ra6 dxe4 20. dxe4 Qc8 21. Rxc6 Qxc6 22. Nf5 Qe6 23. Nxe5 Nxh3+ 24. gxh3 Qxe5 25. Qg4 g6 26. Bf4 Qe6 27. Bxb8 Rxb8 28. Nxe7+ Qxe7 29. Rd1 b4 30. Qf4 Re8 31. Rd5 b3 32. e5 Ra8 33. Qf6 Qxf6 1/2-1/2

[Event "XVII MetLife Najdorf Open 2017"]
[Site "Warsaw"]
[Date "2017.07.11"]
[Round "3.69"]
[White "Winiarski, Mikolaj"]
[Black "Godzwon, Iwo"]
[Result "1-0"]
[WhiteElo "2295"]
[BlackElo "2205"]
[Annotator "NA"]
[PlyCount "105"]
[EventDate "2017.??.??"]
[EventType "swiss"]
[EventCountry "POL"]
[SourceTitle "playchess.com"]
[Source "ChessBase"]
[SourceQuality "1"]
[TimeControl "40/5400+30:1800+30"]

1. e4 c5 2. Nf3 Nc6 3. d4 cxd4 4. Nxd4 g6 5. Nc3 Bg7 6. Be3 Nf6 7. Bc4 O-O 8. Bb3 d6 9. f3 Bd7 10. Qd2 Rc8 11. O-O-O Ne5 12. Kb1 Nc4 13. Bxc4 Rxc4 14. g4 h5 15. h4 Rxc3 16. bxc3 Qc7 17. Bh6 Rc8 18. Bxg7 Kxg7 19. gxh5 Nxh5 20. Kb2 Kh7 21. f4 e5 22. fxe5 dxe5 23. Nb3 Be6 24. Rhe1 a5 25. a4 b5 26. Ra1 Rb8 27. Red1 bxa4 28. Rxa4 Qb7 29. c4 Qxe4 30. Qxa5 Bf5 31. Qc3 Qxh4 32. Qxe5 Rc8 33. Rd4 Qf2 34. Rd2 Qb6 35. c5 Qb7 36. Rh2 Be6 37. Rah4 Kg8 38. Rxh5 gxh5 39. Rxh5 Kf8 40. Qd6+ Kg7 41. Qe5+ Kf8 42. Rh7 Qc7 43. Qf6 Ke8 44. Rh5 Qe7 45. Qh8+ Kd7 46. Qd4+ Kc7 47. c6 Ra8 48. Rb5 Qa3+ 49. Kc3 Kxc6 50. Rc5+ Kb7 51. Qe4+ Kb8 52. Qe5+ Kb7 53. Qc7+ 1-0

[Event "XVII MetLife Najdorf Open 2017"]
[Site "Warsaw"]
[Date "2017.07.11"]
[Round "3.70"]
[White "Kowalczyk, Rafal"]
[Black "Prithu Gupta"]
[Result "1-0"]
[WhiteElo "2240"]
[BlackElo "2293"]
[Annotator "ChessBase"]
[PlyCount "119"]
[EventDate "2017.??.??"]
[EventType "swiss"]
[EventCountry "POL"]
[SourceTitle "playchess.com"]
[Source "ChessBase"]
[SourceQuality "1"]
[TimeControl "40/5400+30:1800+30"]

1. e4 e6 2. d4 d5 3. Nd2 h6 4. Ngf3 Nf6 5. e5 Nfd7 6. c4 c5 7. cxd5 exd5 8. Bd3 Nc6 9. O-O c4 10. Bc2 Nb6 11. Re1 Be6 12. Nf1 Qd7 13. Ng3 g6 14. h3 Be7 15. Be3 Nb4 16. Bb1 Na4 17. Qd2 Nc6 18. Rc1 Bb4 19. Qc2 b5 20. Bd2 Be7 21. Be3 Nb6 22. Qd2 Bb4 23. Qd1 Be7 24. Qd2 g5 25. Nh5 O-O-O 26. Nh2 Kb8 27. Qe2 Qe8 28. Ng4 Qd7 29. Bc2 Nb4 30. Bb1 Rc8 31. a3 Nc6 32. Bc2 Bf5 33. Ngf6 Bxf6 34. Nxf6 Qe6 35. Bd1 Nd7 36. Nh5 Bd3 37. Qd2 f5 38. f4 Rcg8 39. b3 Ka8 40. a4 Rb8 41. axb5 Rxb5 42. bxc4 Bxc4 43. fxg5 hxg5 44. Bxg5 Qg6 45. Ng3 Rhb8 46. Bf3 Rb2 47. Qf4 Nf8 48. Rxc4 dxc4 49. Qxf5 Rb1+ 50. Rxb1 Rxb1+ 51. Kh2 Kb7 52. d5 Nd4 53. d6+ Ka6 54. Qc8+ Ka5 55. Bd2+ Rb4 56. Qc5+ Ka6 57. Qxd4 Ne6 58. Qa1+ Kb5 59. Ne2 Ng5 60. Nc3+ 1-0

[Event "XVII MetLife Najdorf Open 2017"]
[Site "Warsaw"]
[Date "2017.07.11"]
[Round "3.71"]
[White "Bus, Konrad"]
[Black "Karpus, Michal"]
[Result "1-0"]
[WhiteElo "2219"]
[BlackElo "2291"]
[Annotator "ChessBase"]
[PlyCount "111"]
[EventDate "2017.??.??"]
[EventType "swiss"]
[EventCountry "POL"]
[SourceTitle "playchess.com"]
[Source "ChessBase"]
[SourceQuality "1"]
[TimeControl "40/5400+30:1800+30"]

1. Nf3 Nf6 2. c4 g6 3. Nc3 d5 4. cxd5 Nxd5 5. h4 h6 6. e4 Nxc3 7. dxc3 Qxd1+ 8. Kxd1 Bg4 9. Bf4 Bxf3+ 10. gxf3 c6 11. Kc2 Nd7 12. Be3 e6 13. a4 a5 14. Rd1 h5 15. b3 Bg7 16. f4 Nf6 17. f5 Nxe4 18. fxe6 O-O 19. exf7+ Kh7 20. Rd7 b5 21. axb5 cxb5 22. Bg2 Nf6 23. Bxa8 Nxd7 24. Bc6 Rxf7 25. Bxb5 Nf6 26. Bc4 Rf8 27. Ra1 Ng4 28. Rxa5 Nxe3+ 29. fxe3 Bf6 30. Bd3 Rc8 31. c4 Kg7 32. Ra7+ Kh6 33. Ra6 Kg7 34. Ra7+ Kh6 35. Ra6 Kg7 36. b4 Bxh4 37. Rxg6+ Kf7 38. Rh6 Bg5 39. Rxh5 Bxe3 40. Rf5+ Kg7 41. c5 Rf8 42. Re5 Bd4 43. Re4 Rd8 44. Kb3 Kf6 45. Kc4 Bg1 46. Rg4 Bh2 47. b5 Ra8 48. Bc2 Ra2 49. Bb3 Ra1 50. Rg2 Be5 51. b6 Ke6 52. Re2 Rc1+ 53. Kb5+ Kf6 54. Rxe5 Kxe5 55. b7 Rb1 56. b8=Q+ 1-0